Loading...
| Literature - World | 0 | 6 | 0 | 0 | 60 | 58 | 84.67 | 0 | 3 | 14.88 | 33.71 |
| Literature - European | 0 | 5 | 0 | 1 | 50 | 82 | 98.20 | 0 | 2 | 6.26 | 23.86 |
| Literature - British | 0 | 4 | 0 | 0 | 40 | 95 | 105.75 | 0 | 0 | 2.78 | 9.34 |
| Literature - American | 0 | 4 | 0 | 0 | 40 | 24 | 90.25 | 1 | 2 | 9.85 | 20.20 |
| Science - Biology | 0 | 3 | 0 | 0 | 30 | 76 | 88.00 | 0 | 1 | 5.05 | 6.44 |
| Fine Arts - Other | 0 | 3 | 0 | 0 | 30 | 74 | 82.33 | 0 | 1 | 6.98 | 7.95 |
| Philosophy | 0 | 3 | 0 | 0 | 30 | 39 | 83.67 | 0 | 1 | 6.82 | 10.19 |
| Social Science | 0 | 2 | 0 | 0 | 20 | 47 | 53.50 | 0 | 1 | 13.03 | 18.65 |
| Fine Arts - Painting and Sculpture | 0 | 2 | 0 | 0 | 20 | 43 | 78.50 | 0 | 1 | 6.48 | 7.95 |
| Mythology | 0 | 2 | 0 | 1 | 20 | 83 | 91.50 | 0 | 0 | 2.66 | 3.41 |
| Popular Culture | 0 | 2 | 0 | 1 | 20 | 82 | 84.00 | 0 | 0 | 8.42 | 13.89 |
| Science - Other | 0 | 2 | 0 | 1 | 20 | 96 | 103.00 | 1 | 1 | 0.62 | 6.57 |
| Science - Physics | 0 | 2 | 0 | 2 | 20 | 105 | 109.00 | 0 | 0 | 0.00 | 2.27 |
| Current Events | 0 | 1 | 0 | 0 | 10 | 108 | 108.00 | 0 | 0 | 0.00 | 2.78 |
| History - Other | 0 | 1 | 0 | 1 | 10 | 110 | 110.00 | 0 | 0 | 0.00 | 1.14 |
| Fine Arts - Classical Music | 0 | 1 | 0 | 0 | 10 | 113 | 113.00 | 0 | 1 | 1.07 | 5.68 |
| History - American | 0 | 1 | 0 | 0 | 10 | 101 | 101.00 | 0 | 0 | 1.50 | 2.02 |
| Religion | 0 | 0 | 0 | 0 | 0 | 0.00 | 0 | 0 | 0.00 | 0.00 | |
| History - European | 0 | 0 | 0 | 0 | 0 | 0.00 | 0 | 0 | 0.00 | 0.00 |